00642nam a22001577a 4500999001900000020001800019082001600037100001900053245005200072260005100124300001300175942001200188650003800200952012300238952012300361 c527192d527192 a9788123924588 a622.37bKUM aKumar, Parveen aGround water and well drilling /cParveen Kumar aIndia :bCBS Publishers & Distributors,c2018. a331 p. ; 2ddccBK aGround water - Engineering918332 00102ddc40709482023aNQCbNQCcCARTd2019-07-23ePurchasedg0.00o622.37 KUMpQ-190r2019-07-23t1w2019-07-23yBK 00102ddc40709482024aNQCbNQCcCARTd2019-07-23ePurchasedg0.00o622.37 KUMpQ-191r2019-07-23t2w2019-07-23yBK